000 00447nam a2200169Ia 4500
005 20250923145905.0
008 008 250917s9999 xx 000 0 eng d
037 _aTextual
040 _aDSWL
_beng
_cDSWL
041 _aeng
_2eng
084 _qDSWL
245 0 _aRights of the child
_c by U.N.I.C.E.F.
260 _aNew Delhi
_b Deptt. of Social & Child development
_c1991
300 _a82p.
942 _cTEXL
999 _c1456985
_d1456985